<?xml version='1.0' encoding='UTF-8'?>
  <record xmlns="http://www.loc.gov/MARC21/slim">
    <leader>00000cam a22000007i 4500</leader>
    <controlfield tag="001">ocm68857082</controlfield>
    <controlfield tag="003">OCoLC</controlfield>
    <controlfield tag="005">20241218154903.5</controlfield>
    <controlfield tag="008">960129s1668    ne            000 0 may d</controlfield>
    <datafield tag="040" ind1=" " ind2=" ">
      <subfield code="a">NLGGC</subfield>
      <subfield code="b">dut</subfield>
      <subfield code="e">fobidrtb</subfield>
      <subfield code="c">NLGGC</subfield>
      <subfield code="d">OCLCO</subfield>
      <subfield code="d">OCLCL</subfield>
      <subfield code="d">OCLCQ</subfield>
    </datafield>
    <datafield tag="029" ind1="0" ind2=" ">
      <subfield code="a">NLGGC</subfield>
      <subfield code="b">145288633</subfield>
    </datafield>
    <datafield tag="035" ind1=" " ind2=" ">
      <subfield code="a">(OCoLC)68857082</subfield>
    </datafield>
    <datafield tag="041" ind1="1" ind2=" ">
      <subfield code="a">may</subfield>
      <subfield code="k">grc</subfield>
      <subfield code="k">lat</subfield>
      <subfield code="h">dut</subfield>
    </datafield>
    <datafield tag="130" ind1="0" ind2=" ">
      <subfield code="a">Bijbel.</subfield>
      <subfield code="n">62,</subfield>
      <subfield code="p">N.T.</subfield>
      <subfield code="l">Maleis.</subfield>
      <subfield code="s">Brouerius-tekst.</subfield>
    </datafield>
    <datafield tag="245" ind1="1" ind2="0">
      <subfield code="a">Testamento barou =</subfield>
      <subfield code="b">attau Segala kitab derri Tuan cami Jesu Christo pounja Cauwoul Barou. Derri bassa Greeco, Latino daen Hollanda bersalin betul, adil, daen benar dallam bassa Maleyo derri pada Daniel Brouwerius, daulou pandita daen Jesu Christo pounja souroang de negri Hellevoet-Sluys, daen comediën de negri India nang ca Timor, de dallam alam Hollanda, daen sacaran de negri Geertruyden-Bergh.</subfield>
    </datafield>
    <datafield tag="246" ind1="3" ind2=" ">
      <subfield code="a">Segala kitab derri Tuan cami Jesu Christo pounja Cauwoul Barou.</subfield>
    </datafield>
    <datafield tag="260" ind1=" " ind2=" ">
      <subfield code="a">De negri Amsterdam :</subfield>
      <subfield code="b">bapra derri sabda daen balanja derri Cauwoul Taman Hollanda pounja Pongoulou Toudjou-blas...Bapra de dallam Paulo Matthéo pounja rouma bapra,</subfield>
      <subfield code="c">1668.</subfield>
    </datafield>
    <datafield tag="300" ind1=" " ind2=" ">
      <subfield code="c">in-8.</subfield>
    </datafield>
    <datafield tag="336" ind1=" " ind2=" ">
      <subfield code="a">tekst</subfield>
      <subfield code="b">txt</subfield>
      <subfield code="2">rdacontent/dut</subfield>
    </datafield>
    <datafield tag="337" ind1=" " ind2=" ">
      <subfield code="a">zonder medium</subfield>
      <subfield code="b">n</subfield>
      <subfield code="2">rdamedia/dut</subfield>
    </datafield>
    <datafield tag="338" ind1=" " ind2=" ">
      <subfield code="a">band</subfield>
      <subfield code="b">nc</subfield>
      <subfield code="2">rdacarrier/dut</subfield>
    </datafield>
    <datafield tag="500" ind1=" " ind2=" ">
      <subfield code="a">8 0.</subfield>
    </datafield>
    <datafield tag="500" ind1=" " ind2=" ">
      <subfield code="a">Met gegrav. titelplaat.</subfield>
    </datafield>
    <datafield tag="500" ind1=" " ind2=" ">
      <subfield code="a">Het Nieuwe Testament i.h. Hoog-Maleis. Vertaald uit het Grieks, Latijn en Nederlands door D. Brouerius. In Latijns schrift.</subfield>
    </datafield>
    <datafield tag="510" ind1="0" ind2=" ">
      <subfield code="a">Darlow &amp; Moule 6491</subfield>
    </datafield>
    <datafield tag="510" ind1="0" ind2=" ">
      <subfield code="a">Werndly 1.1.8</subfield>
    </datafield>
    <datafield tag="530" ind1=" " ind2=" ">
      <subfield code="a">Titel is geselecteerd voor digitalisering voor de Universiteit van Amsterdam in het kader van het Google Books-project.</subfield>
    </datafield>
    <datafield tag="700" ind1="1" ind2=" ">
      <subfield code="a">Brouerius, Daniel,</subfield>
      <subfield code="d">-1673.</subfield>
      <subfield code="1">https://id.oclc.org/worldcat/entity/E39PCjHbMPFQgtVbKw73YKkFKd</subfield>
    </datafield>
    <datafield tag="710" ind1="0" ind2=" ">
      <subfield code="a">Matthijsz, Paulus (Amsterdam)</subfield>
      <subfield code="4">prt</subfield>
      <subfield code="0">(NL-LeOCL)077131282</subfield>
    </datafield>
    <datafield tag="758" ind1=" " ind2=" ">
      <subfield code="a">Testamento barou (Text)</subfield>
      <subfield code="1">https://id.oclc.org/worldcat/entity/E39PCFPv6V6xcfhgPpmKQFJ6fC</subfield>
      <subfield code="4">https://id.oclc.org/worldcat/ontology/hasWork</subfield>
    </datafield>
    <datafield tag="776" ind1="0" ind2=" ">
      <subfield code="t">Testamento barou</subfield>
      <subfield code="w">(NL-LeOCL)394461118</subfield>
    </datafield>
    <datafield tag="936" ind1=" " ind2=" ">
      <subfield code="a">BATCHLOAD</subfield>
    </datafield>
  </record>